000 01390cam a2200325 i 4500
001 16362
003 DO-SdUEMH
005 20260203203012.0
007 ta
008 211105s2006 dr |||gr|||| 000 0 spa|d
020 _a 9945434004
040 _aDO-SdUEMH
_bspa
_erda
041 _aspa
082 1 4 _mRD
_aRD365.97293
_bM827p
084 _b11-00037
100 _aMora, Wilfredo
_eaut
245 1 0 _aPenitenciarismo dominicano /
_centrevistas con Elio Gómez Grillo (Venezuela), Emma Mendoza Bremauntz (México), David Rivera Nazario (Puerto Rico) / Wilfredo Mora
250 _aTercera edición
260 _c2006
264 0 1 _aSanto Domingo :
_bSociedad Dominicana de Criminología,
_c2006
300 _a118 páginas ;
_c21 cm.
336 _2rdacontent
_atexto
_btxt
337 _2rdamedia
_asin mediación
_bn
338 _2rdacarrier
_avolumen
_bnc
490 _a Serie Cuadernos de la Cárcel
490 _aColección Sociedad Dominicana de Criminología ;
_v2
505 2 _aParte I. Penitenciarismo dominicano -- Los orígenes del penitenciarismo -- Seguridad y secuestro -- El interior de la prisión -- Los problemas de la cárcel -- Los problemas de los penitenciaristas -- Parte II. Penitenciaria en América Latina -- El penitenciarismo venezolano -- El penitenciarismo mexicano -- El penitenciarismo puertorriqueño -- Conclusión.
942 _2ddc
_cBK
_n0
999 _c16362
_d16362